01287nam a22003377a 4500003000500000005001700005008004100022010001000063011001000073035001000083040000900093090001000102100005200112245012800164260004000292300001900332502009700351590003700448590004100485590004100526590004100567590004200608650003300650650004100683650002700724901000700751942001000758949003600768999001700804952012800821CHAP20220329140314.0971013s1973 r 00010 d a50094 a51066 a55216 cCHAP aTesis00aRodríguez Cárdenas, Héctor José.998407 aObtención de patrones de consumo de subproductos de la leche (queso y matequilla) en el área metropolitana de Monterrey aMonterrey, N. L. :bEl autor,c1973 a62 h.b: ilus. aTesis (Ing. Agr. Administrador) -- ITESM. División de Ciencias Agropecuarias y Marítimas aALEPHb10c20130110lUCH01h1324 aBATCH-UPDb10c20130110lUCH01h0504 aBATCH-UPDb10c20130410lUCH01h0142 aBATCH-UPDb10c20130914lUCH01h1744 aCONVERSIONb10c20130109lUCH01h132714aMantequillaxConsumo.97058914aProductos lácteosxConsumo.99212814aQuesoxConsumo.993227 aBK cTESIS bBCcTESd-121306eTS1i55216si c50094d50094 00102local4051708TESISaBCbBCcPA_TESISd2012-12-17fTESISl0oTesisp-121306r2019-12-31 00:00:00w2019-12-31yTESIS